| 000 | 01006nas a2200301 4500 | ||
|---|---|---|---|
| 001 | BR9000141 | ||
| 003 | BR-BrBNA | ||
| 005 | 20231205091752.0 | ||
| 007 | ta | ||
| 008 | 230509b bl.|||p| |||| 00| 00por d | ||
| 040 |
_aBR-BrBNA _bpor _cBiblioteca Nacional de Agricultura |
||
| 041 | _a(Pt) | ||
| 072 | _aH10 | ||
| 100 | 1 | _aBicelli, C.R.L. | |
| 100 | 1 | _aSilveira Neto, S. | |
| 100 | 1 | _aMendes, A.C. de B. | |
| 245 | 1 | _aDinamica populacional de insetos coletados em cultura de cacau na regiao de Altamira, Para, 2: analise faunistica | |
| 246 | 1 | _aPopulation dynamics of insects collected in the cacao crop in the region of Altamira, Para, Brazil, 2: faunal analysis | |
| 650 | _aCACAU | ||
| 650 | _aCOLEOPTERO | ||
| 650 | _aHEMIPTERO | ||
| 650 | _aHOMOPTERO | ||
| 650 | _aPARA | ||
| 773 | 0 |
_tAgrotropica (Brazil) _xISSN 0103-3816 _g(Jan-Apr 1989), v. 1(1) p. 39-47 _wBR9000141 |
|
| 856 | 4 | 0 | _dLink DSPACE/MAPA BR9000141 |
| 909 |
_a202311 _bLúcia _c55 _dLúcia Elande |
||
| 942 |
_2AGRIS _n0 _cANA |
||
| 999 |
_c127223 _d127223 |
||